Picard or the Doctor? - Statistics

General Stats
  • This quiz has been taken 14 times
  • The average score is 10 of 12
Answer Stats
Question Answer % Correct
"Would you like a jelly baby?" The Doctor
100%
"Make it so!" Picard
93%
"THERE ARE FOUR LIGHTS!" Picard
93%
"Allons-y" The Doctor
93%
"Tea, Earl Grey, hot." Picard
86%
"I would be delighted to offer any advice I can on understanding women. When I have some, I'll let you know." Picard
86%
"A straight line may be the shortest distance between two points, but it is by no means the most interesting!" The Doctor
79%
"This thing makes me feel in such a way I'd be very worried if I felt like that about somebody else feeling like this about that. Do you understand?" The Doctor
79%
"I don't want to go." The Doctor
79%
"One day, I shall come back. Yes, I shall come back. Until then, there must be no tears, no regrets, no anxieties. Just go forward in all your beliefs and prove to me that I am not mistaken in mind. The Doctor
71%
“Someone once told me that time was a predator that stalked us all our lives. I rather believe that time is a companion who goes with us on the journey and reminds us to cherish every moment because it will never come again.” Picard
64%
“Things are only impossible until they are not.” Picard
36%
No matching quizzes found
Score Distribution
Percent of People with Each Score
Percentile by Number Answered
Your Score History
You have not taken this quiz